Đất nước trọn niềm vui! Bài 14

Gồm 29 bài

Salvato in:
Dettagli Bibliografici
Autore principale: Kiến Giang
Altri autori: Cao Sơn
Natura: Libro
Lingua:Undetermined
Soggetti:
Accesso online:http://lrc.tdmu.edu.vn/opac/search/detail.asp?aID=2&ID=23113
Tags: Aggiungi Tag
Nessun Tag, puoi essere il primo ad aggiungerne! !
Thư viện lưu trữ: Trung tâm Học liệu Trường Đại học Thủ Dầu Một
LEADER 00742nam a2200193Ia 4500
001 TDMU_23113
008 210410s9999 xx 000 0 und d
082 |a 959.7 
100 |a Kiến Giang 
245 0 |a Đất nước trọn niềm vui! 
245 0 |c Kiến Giang, Cao Sơn 
245 0 |n Bài 14 
245 0 |p Vùng lên phía trước 
300 |a 4tr 
520 |a Gồm 29 bài  
650 |a Lịch sử; Ấp chiến lược Bến Tượng ; Xây dựng ấp chiến lược ; Xã Lai Hưng, huyện Bàu Bàng  
700 |a Cao Sơn 
856 |u http://lrc.tdmu.edu.vn/opac/search/detail.asp?aID=2&ID=23113 
980 |a Trung tâm Học liệu Trường Đại học Thủ Dầu Một